000 00307nam a22001337a 4500
008 170531b xxu||||| |||| 00| 0 eng d
020 _a03957967093
041 _aeng
080 _23 ED
_a94
100 _a17
101 _aSHH
245 _aDISCOVERING THE WETERN PAST
_cWHEELER.W.R
942 _2udc
_cBK
999 _c15130
_d15130